000 00198 a2200097 4500
001 8406
090 _c6776
_d6776
100 _aCobbett, W
245 _aCobbett: Selections (664-B actioned)
260 _bOxford
942 _aNUST-CAE
999 _c243479
_d243479